| 000 | 00859nam a2200289Ia 4500 | ||
|---|---|---|---|
| 001 | Para_7772 | ||
| 003 | CHAP | ||
| 008 | 220125s1908 xx 000 0 und d | ||
| 010 | _a206772 | ||
| 040 | _cCHAP | ||
| 082 | _aPA-C 632.7 B85 | ||
| 100 |
_aWard. Archivald R. _9173081 |
||
| 245 |
_aBovine tuberculosis / _c by Archibald R. Ward and Clarence M. Haring |
||
| 300 | _app. 220-234 | ||
| 440 |
_aUniversity of California. Experiment Station. Bulletin, 199 _9173082 |
||
| 500 | _aEnc. con impresos similares | ||
| 650 |
_aGanado vacuno _x Enfermedades _945460 |
||
| 650 |
_aTuberculosis en ganado _9115475 |
||
| 700 |
_aHaring, Clarence M. _952733 |
||
| 901 | _aPA-C 632.7 B85 | ||
| 902 | _aA | ||
| 905 | _a0000001908 a 0000000000 00 | ||
| 910 | _a1908 | ||
| 942 | _cPARA | ||
| 942 |
_cPARA _d1 |
||
| 999 |
_c206772 _d206772 |
||